| 000 | 00918nam a22002657a 4500 | ||
|---|---|---|---|
| 005 | 2012112603183.0 | ||
| 008 | 121126t xxu||||| |||| 00| 0 eng d | ||
| 010 | _aENG-106304 | ||
| 020 |
_a9781259004636 _c475.00 |
||
| 020 |
_a1259004635 _c475.00 |
||
| 035 | _aEN-89837 | ||
| 037 | _bDBAD/PUB | ||
| 040 |
_aDPL _bEng |
||
| 082 | _a658.15 | ||
| 100 |
_aKhan, M.Y. _953796 |
||
| 245 |
_aBasic financial management / _cby M. Y. Khan [and] P. K. Jain |
||
| 250 | _a3rd ed | ||
| 260 |
_aNew Delhi _bTata McGraw Hill _c2012 |
||
| 270 |
_a7 West Patel Nagar _bNew Delhi _e110008 |
||
| 300 |
_avarious pagings _c24cm(pbk) |
||
| 500 | _aIncludes bibliographical references and index | ||
| 700 |
_aJain, P K _953797 |
||
| 942 |
_2ddc _cEN _h658.15 _mKHA |
||
| 999 |
_c71633 _d71633 |
||